000 00625cam a2200205 a 4500
001 000009832
005 20200929161726.0
008 880808s1914 sp 000 f spa d
035 _a8437601614
040 _aDO-SdBNP
_bspa
_cBNPHU
082 _a861.6
_bJ614p
100 1 _aJiménez, Juan Ramón,
_d1881-1958.
_98948
245 1 0 _aPlatero y yo /
_cJuan Ramón Jiménez.
260 _aMadrid :
_bBiblioteca Juventud ;
_bEdicciones de la Lectura.,
_c1914.
300 _a95 p. ;
_c14 cm.
586 _aPremio Novel.
650 4 _aPoesía española
_9631
650 4 _aLiteratura española
_ySIGLO XX
_93326
049 _aEn proceso
999 _c9591
_d9591